Pricing of water in public system in India (Record no. 481296)

000 -LEADER
fixed length control field 00685cam a22001217a 4500
008 - FIXED-LENGTH DATA ELEMENTS--GENERAL INFORMATION
fixed length control field 180718b2004 xxu||||| |||| 00| 0 eng d
082 ## - DEWEY DECIMAL CLASSIFICATION NUMBER
Classification number V423x54 P931
245 ## - TITLE STATEMENT
Title Pricing of water in public system in India
Statement of responsibility, etc. by Information Systems Organisation, Information Technology Directorate, Water Planning and Projects Wing, Central Water Commission
260 ## - PUBLICATION, DISTRIBUTION, ETC.
Place of publication, distribution, etc. New Delhi
Name of publisher, distributor, etc. Information Systems Organisation, Information Directorate, Water Planning and Projects Wing, Central Water Commission
Date of publication, distribution, etc. 2004
300 ## - PHYSICAL DESCRIPTION
Extent 258p.
650 ## - SUBJECT ADDED ENTRY--TOPICAL TERM
Topical term or geographic name entry element Water - India
700 ## - ADDED ENTRY--PERSONAL NAME
Personal name India. Central Water Commission. Water Planning and Projects Wing. Information Technology Directorate. Information Systems Organisation
Holdings
Withdrawn status Lost status Damaged status Not for loan Permanent Location Current Location Date acquired Full call number Barcode Date last seen Price effective from Koha item type
        Indian Institute of Public Administration Indian Institute of Public Administration 2018-08-04 V423x54 P931 GG27586 2018-08-04 2018-08-04 GG
        Indian Institute of Public Administration Indian Institute of Public Administration 2018-08-04 V423x54 P931 GG27585 2018-08-04 2018-08-04 GG

Powered by Koha